000
00214nam a2200097Ia 4500
005
20251222114409.0
008
251222s1900||||xx |||||||||||||| ||spa||
082
_a
DVD0050/S31/2012
245
0
_a
Prometeo:
942
_c
DVD
999
_c
1952
_d
1952